| 000 | 00874nam a2200265Ia 4500 | ||
|---|---|---|---|
| 003 | OSt | ||
| 005 | 20220918172024.0 | ||
| 006 | a|||||r|||| 00| 0 | ||
| 007 | ta | ||
| 008 | 220917b |||||||| |||| 00| 0 eng d | ||
| 020 |
_a97890259090 (hbk) _cEURO 99.00 |
||
| 024 | _a320,896 | ||
| 037 |
_b1306, 01/03/2017, Bright Book Service _cTextual |
||
| 040 |
_aARTS _cARTS _beng |
||
| 041 |
_2eng _aeng |
||
| 082 | _aQ7v, Q6 | ||
| 100 |
_aRacha El Omari Au. _939824 |
||
| 245 | 0 | _aThelology of Abu-l-Qasim al Balkhi/al-Ka'bi(d.319/931) | |
| 260 |
_aLeiden _bBrill UK _c2016 |
||
| 300 |
_axii,223p. _ccm. |
||
| 490 | _aIslamic philosophy, theology and science: texts and studies | ||
| 650 |
_aISLAM - HISTORY; ISLAMIC PHILOSOPHY _939825 |
||
| 942 |
_hQ7v, Q6 _cTEXL _2CC |
||
| 999 |
_c142259 _d142259 |
||